| 000 | 01053 a2200181 4500 | ||
|---|---|---|---|
| 020 | _a0826477275 | ||
| 020 | _a0826477267 | ||
| 040 |
_aDLC _bDLC |
||
| 082 | 0 | 4 | _a808.0420711 |
| 245 | 0 | 0 |
_aTeaching creative writing _cGraeme Harper. |
| 260 |
_aLondon ; _aNew York : _bContinuum, _cc2006. |
||
| 300 |
_ax, 188 p. ; _c25 cm. |
||
| 505 | 0 | _aShort fiction / Katharine Coles -- Poetry / Chad Davidson and Gregory Fraser -- The novel / Graeme Harper -- Writing for children and young adults / Jeri Kroll -- Creative non-fiction / Martin Lammon -- Playwriting / Michelene Wandor -- Scriptwriting for radio / Steve May -- Writing for film and television / Jack Epps, Jr. -- New media writing / Thomas Swiss and Cynthia Lewis -- Critical-creative rewriting / Rob Pope -- Workshopping / Stephanie Vanderslice -- Research in creative writing / Graeme Harper. | |
| 650 | 0 | _aCreative writing (Higher education) | |
| 700 | 1 | _aHarper, Graeme. | |
| 856 | 4 | 1 |
_3Table of contents only _uhttp://www.loc.gov/catdir/toc/fy0706/2006282569.html |
| 942 |
_cBK _k808.0420711 HAR _2ddc |
||
| 999 |
_c4846 _d4846 |
||